Vývoj a výskum mechatronického systému na zmenu polohy ťažiska.
Gespeichert in:
| 1. Verfasser: | |
|---|---|
| Weitere Verfasser: | |
| Format: | Manuskript Buch |
| Sprache: | Slowakisch |
| Veröffentlicht: |
Bratislava :
STU v Bratislave FEI,
2020
|
| Schlagworte: | |
| Online-Zugang: | https://opac.crzp.sk/?fn=detailBiblioForm&sid=64930206F366C8E34106E0C607D8&seo=CRZP-detail-kniha |
| Tags: |
Keine Tags, Fügen Sie das erste Tag hinzu!
|
MARC
| LEADER | 00000ntm a22000003a 4500 | ||
|---|---|---|---|
| 001 | stuzp73959 | ||
| 003 | SK-STU | ||
| 005 | 20200715121639.5 | ||
| 007 | ta | ||
| 008 | 150427s2015----xo-----f-mn---000-0-slo-d | ||
| 040 | |a STU |b slo | ||
| 041 | 0 | |a slo | |
| 044 | |a xo | ||
| 100 | 1 | |a Szamaránszki, Norbert |u 030400 |4 aut |U FEI Fakulta elektrotechniky a informatiky |T FEI Ústav automobilovej mechatroniky |X 79945 |U E400 |Y 642 |7 79945 | |
| 242 | 0 | 1 | |a Development and research of the mechatronic system to change the position of the center of gravity. |y eng |
| 245 | 1 | 0 | |a Vývoj a výskum mechatronického systému na zmenu polohy ťažiska. |
| 260 | |a Bratislava : | ||
| 260 | |b STU v Bratislave FEI, | ||
| 260 | |c 2020 | ||
| 300 | |a 94 s. | ||
| 650 | 4 | |a nylonová pružinka |2 slo | |
| 650 | 4 | |a automobil |2 slo | |
| 650 | 4 | |a ťažisko |2 slo | |
| 650 | 4 | |a závažie |2 slo | |
| 650 | 4 | |a nylon spring |2 eng | |
| 650 | 4 | |a car |2 eng | |
| 650 | 4 | |a center of gravity |2 eng | |
| 650 | 4 | |a weight |2 eng | |
| 700 | 1 | |a Murín, Justín |u 030400 |k Z1 |4 ths |U FEI Fakulta elektrotechniky a informatiky |T FEI Ústav automobilovej mechatroniky |X 1830 |U E400 |Y 642 |7 A000001830 | |
| 856 | 4 | |u https://opac.crzp.sk/?fn=detailBiblioForm&sid=64930206F366C8E34106E0C607D8&seo=CRZP-detail-kniha | |